Регионална библиотека "Любен Каравелов" - Русе

Eartquake Insurance in Turkey (Запис номер 84649)

MARC детайли
000 -Лидер
Контролно поле с фиксирана дължина 01322nam a2200385 c 4500
003 - Код на организацията, давaща контролен номер
Контролно поле BLK
005 - Дата и час на последна редакция
Контролно поле 20180420224832.0
008 - Елементи от данни с фиксирана дължина
fixed length control field 180408b bul|||||r ||||||| ||bul||
010 ## - Наследен системен номер
LC control number KNG00089238000
020 ## - Международен стандартен номер на книга ISBN
Международен стандартен номер на книга ISBN 0-8213-6583-5
-- издат.: The World Bank
040 ## - Източник на каталожния запис
Идентификатор на билиотеката - собственик на записа BLK
041 ## - Код за език
Код за езика на текст/звукозапис или на отделно заглавие Английски
Код за езика КДБФ Английски
080 ## - УДК
Текстов определител УДК Застраховането на предмети изобщо. Имуществено застраховане от пожар, бедствие, кражби и др.
УДК код - определител по УДК 368.1
УДК определител (560)
УДК - код + определител 368.1(560)
100 1# - Редна дума - Автор
Автор Gurenko, Eugene
Авторска отговорност първи автор
R(LIN) 12020
139 ## - Редно поле
Редна дума Eartquake Insurance in Turkey
Авторски знак Ea - E 11
245 10 - Сведения за заглавието
Заглавие Eartquake Insurance in Turkey
Подзаглавни данни History of the Turkish Catastrophe Insurance Pool
Редно поле (дума) Eugene Gurenko.
257 ## - Страна на издаване
Страна на създаване/издаване Съединени американски щати
260 ## - Област на издателските данни
-- Washington
Име на издателя, разпространителя и проч. The World Bank
Година на издаване 2006
300 ## - Физическа характеристика
Страници 116 p.
Илюстрации и др. tab., diagr.
Размери/Мащаб 24 cm
380 ## - Жанр
Жанр Обществени науки
500 ## - Общи забележки
Забележка Bibliogr. p. 109-111 ; Index
504 ## - Забележка за наличие на библиография и др
Забележка за наличие на библиография и под. 109-111
590 ## - Забележки на библиотеката, притежаваща документа (RLIN)
Служебно ф
650 #4 - Допълнително описание по предмет – тема
Основно описание – тема или топоним Застраховане
9 (RLIN) 155792
650 #4 - Допълнително описание по предмет – тема
Основно описание – тема или топоним Земетресения
9 (RLIN) 156038
651 #4 - Допълнително описание по предмет - топоним
Географско понятие Турция
9 (RLIN) 179691
653 ## - Ключова дума – ненормативна
Ключова дума застраховки
653 ## - Ключова дума – ненормативна
Ключова дума земетресения
653 ## - Ключова дума – ненормативна
Ключова дума Турция
852 ## - Местоположение
Форматна сигнатура Цб 243834
856 4# - Електронен адрес и достъп
Електронен формат pdf - файл
Път до файла /url/
856 4# - Електронен адрес и достъп
Електронен формат pdf - файл
Път до файла /url/
942 ## - АРТИКУЛИ
Вид на библиотечния материал Книги
Скрит в OPAC Не
944 ## - СЪЗДАВАНЕ И РЕДАКЦИЯ на ЗАПИСА
Създаване/Редакция Създаване
Дата на регистрацията/редакция 28.04.2009
Служител, извършил регистрацията/редакцията Милена_Ачева
944 ## - СЪЗДАВАНЕ И РЕДАКЦИЯ на ЗАПИСА
Създаване/Редакция Редакция
Дата на регистрацията/редакция 12.05.2009
Служител, извършил регистрацията/редакцията
999 ## - СИСТЕМНИ КОНТРОЛНИ НОМЕРА
Koha biblionumber 84649
Koha biblioitemnumber 84649
Наличности
Код за отписване Код за изгубен артикул Източник на класификационната схема Код за повреда Коз за рестрикции Код за отдаване Артикулен № Име на библиотеката - собственик Име на библиотеката, в която се намира в момента Статус (Текущо местоположение) Дата на вписване в системата Местоположение - отдел Цена в лева Инвентарен номер Систематично азбучна сигнатура Баркод Номер на екземпляра Цена в евро Служебна бележка Служебен тип на артикула
  Не е изгубен Universal Decimal Classification Не е повреден без рестрикции заемане за дома 137401 Регионална библиотека "Любен Каравелов" Русе Регионална библиотека "Любен Каравелов" Русе Заемна - подръчен фонд 2009-04-27 Заемна - подръчен фонд 0.00 120000735365 П 36/Е 11 120000735365 1 0.00 Дост: DA Вид: А N: 5 Дата: 27.04.2009 Дата инв: 06.02.2018 Бележки инв: П2018 Книги
Vip Innovations Ltd, Rousse, Bulgaria 2025